Factors influencing employment for tertiary education graduates at the selected universities

Kľúčové faktory ovplyvňujúce tvorbu a konkurenčnú výhodu absolventov terciálneho štúdia vstupujúcich na trh práce. Určenie efektívnosti týchto faktorov v procese adaptácie absolventov terciálneho štúdia na trhu práce v Česku. Výsledky dotazníkového prieskumu.

Salvato in:
Dettagli Bibliografici
Autore principale: Stojanová, Hana
Altri autori: Tomšík, Pavel
Natura: Capitolo di libro
Lingua:inglese
Soggetti:
Tags: Aggiungi Tag
Nessun Tag, puoi essere il primo ad aggiungerne!!

MARC

LEADER 00000naa a2200000 4500
001 0193425
005 20231211071610.4
041 0 |a eng 
044 |a CZ 
245 1 0 |a Factors influencing employment for tertiary education graduates at the selected universities  |c Hana Stojanová, Pavel Tomšík 
520 |a Kľúčové faktory ovplyvňujúce tvorbu a konkurenčnú výhodu absolventov terciálneho štúdia vstupujúcich na trh práce. Určenie efektívnosti týchto faktorov v procese adaptácie absolventov terciálneho štúdia na trhu práce v Česku. Výsledky dotazníkového prieskumu. 
610 2 0 |a absolventi 
610 2 0 |a štúdium doktorandské 
610 2 0 |a stáže študijné 
610 2 0 |a trh práce 
610 2 0 |a Česko 
100 1 |a Stojanová, Hana 
700 1 |a Tomšík, Pavel